[Event "II Open Santa Cecilia A"]
[Site "Frascati ITA"]
[Date "2009.11.21"]
[Round "3"]
[White "Parisi, Cosimo"]
[Black "Di Giorgio, Daniele"]
[Result "1-0"]
[WhiteElo "1873"]
[BlackElo "1687"]
[PlyCount "49"]
[EventDate "2009.11.20"]

1. e4 c5 2. Nf3 e6 3. d4 cxd4 4. Nxd4 a6 5. Bd3 Bc5 6. Be3 Qb6 7. c3 Qxb2 8.
O-O Qxa1 9. Nb3 Qxa2 10. Bxc5 Qa4 11. N3d2 Qc6 12. Nc4 b5 13. Nd6+ Kd8 14.
Nxf7+ Ke8 15. Nxh8 Nf6 16. e5 Bb7 17. f3 Nd5 18. Bxh7 Nxc3 19. Bg6+ Kd8 20.
Nf7+ Ke8 21. Nd6+ Kd8 22. Nxb7+ Qxb7 23. Qd6 Nc6 24. Na3 Qb8 25. Bb6+ 1-0

[Event "II Open Santa Cecilia A"]
[Site "Frascati ITA"]
[Date "2009.11.21"]
[Round "3"]
[White "Pitrelli, Antonio"]
[Black "Cesarini, Lanfranco"]
[Result "1/2-1/2"]
[WhiteElo "1890"]
[BlackElo "2072"]
[PlyCount "119"]
[EventDate "2009.11.20"]

1. d4 Nf6 2. c4 e6 3. g3 c5 4. d5 exd5 5. cxd5 d6 6. Nc3 g6 7. Nf3 Bg7 8. Bg2
O-O 9. O-O Re8 10. Re1 a6 11. a4 Nbd7 12. e4 Rb8 13. Bf4 Nb6 14. Nd2 Nh5 15.
Be3 Nd7 16. f4 b5 17. axb5 axb5 18. Qc2 Qc7 19. Nf3 b4 20. Nd1 Nhf6 21. Nf2 b3
22. Qb1 Nb6 23. Bd2 Bd7 24. Nd1 Ra8 25. Nc3 Nc4 26. Rxa8 Rxa8 27. Bf1 Nxd2 28.
Nxd2 Ng4 29. Qd3 Bd4+ 30. Kg2 Nf2 31. Qb1 Bh3+ 32. Kf3 Bg4+ 33. Kg2 Qd7 34.
Nxb3 Bh3+ 35. Kg1 Nd3+ 36. Nxd4 Nxe1 37. Bxh3 Qxh3 38. Qxe1 cxd4 39. Nb5 d3 40.
Nxd6 d2 41. Qd1 Qd7 42. Nc4 Qa7+ 43. Kf1 Qd4 44. Nxd2 Qxb2 45. Ke2 Ra2 46. Kd3
Ra3+ 47. Ke2 Qd4 48. Qb1 Re3+ 49. Kd1 Rd3 50. Qb8+ Kg7 51. Qe5+ Qxe5 52. fxe5
f5 53. Ke2 fxe4 54. d6 Rd5 55. Nc4 Rd3 56. Nd2 Rd5 57. Nc4 Kf7 58. Ke3 Ke6 59.
Kxe4 Rc5 60. Kd4 1/2-1/2

[Event "II Open Santa Cecilia A"]
[Site "Frascati ITA"]
[Date "2009.11.21"]
[Round "3"]
[White "Salerni, Guido"]
[Black "Franciosi, Claudio"]
[Result "0-1"]
[WhiteElo "1786"]
[BlackElo "1650"]
[PlyCount "136"]
[EventDate "2009.11.20"]

1. e4 e5 2. Nc3 Nf6 3. f4 Nc6 4. fxe5 Nxe5 5. d4 Ng6 6. e5 Ng8 7. Bc4 d6 8. Qf3
Be6 9. Bxe6 fxe6 10. Qxb7 dxe5 11. Qc6+ Kf7 12. Nf3 Bd6 13. Rf1 Nf6 14. Ng5+
Ke7 15. d5 Nf8 16. Bd2 Rb8 17. dxe6 Qe8 18. Qc4 c6 19. Nf7 Rg8 20. Nxd6 Kxd6
21. O-O-O Qxe6 22. Qxe6+ Kxe6 23. Rfe1 Ng6 24. Ne4 Nxe4 25. Rxe4 Rb5 26. Bc3
Rf8 27. Rde1 Rf2 28. R4e2 Rxe2 29. Rxe2 Rd5 30. Rd2 Nf4 31. g3 Rxd2 32. Kxd2
Nd5 33. Ba5 e4 34. Ke2 Kf5 35. h3 h5 36. Bd2 g5 37. c4 Nf6 38. Bc3 g4 39. h4
Nd7 40. Ke3 c5 41. b3 Nb6 42. Ba5 Nd7 43. Bc7 Nf6 44. Bd6 Nd7 45. a3 Ke6 46.
Bc7 Kf5 47. b4 a6 48. Bd6 Nb6 49. bxc5 Nxc4+ 50. Kf2 Ke6 51. Bf4 Nxa3 52. Ke3
Kd5 53. c6 Nc4+ 54. Ke2 Kxc6 55. Kd1 Kd5 56. Kc2 Kd4 57. Kd1 a5 58. Bg5 a4 59.
Bc1 Kd3 60. Bg5 a3 61. Bf6 Ke3 62. Kc2 Kf3 63. Kb3 Nd2+ 64. Kxa3 Kxg3 65. Kb2
e3 66. Kc1 Kf2 67. Bd4 g3 68. Kd1 g2 0-1

[Event "II Open Santa Cecilia A"]
[Site "Frascati ITA"]
[Date "2009.11.21"]
[Round "3"]
[White "Simeone, Giulio"]
[Black "Passerotti, Pierluigi"]
[Result "0-1"]
[WhiteElo "1960"]
[BlackElo "2266"]
[PlyCount "62"]
[EventDate "2009.11.20"]

1. c4 e6 2. e4 c5 3. Nc3 Nc6 4. Nf3 Nf6 5. d4 cxd4 6. Nxd4 Qc7 7. Ndb5 Qb8 8.
Bg5 h6 9. Bxf6 gxf6 10. Nd4 Bb4 11. Qd3 Nxd4 12. Qxd4 Qe5 13. Qe3 Bxc3+ 14.
bxc3 d6 15. Be2 Bd7 16. O-O Bc6 17. Bf3 Ke7 18. Rfd1 Qc5 19. Qe2 Rhd8 20. Rab1
Rac8 21. Bg4 b5 22. Rd4 Rc7 23. Rbd1 e5 24. R4d3 bxc4 25. Rh3 d5 26. Rxh6 d4
27. Bf5 Be8 28. Bh3 dxc3 29. Rxd8 Kxd8 30. Qd1+ Qd4 31. Qb1 Rb7 0-1

[Event "II Open Santa Cecilia A"]
[Site "Frascati ITA"]
[Date "2009.11.22"]
[Round "4"]
[White "Battistelli, Alessandro"]
[Black "Simeone, Giulio"]
[Result "1-0"]
[WhiteElo "1900"]
[BlackElo "1960"]
[PlyCount "87"]
[EventDate "2009.11.20"]

1. d4 g6 2. e4 Bg7 3. Be3 c5 4. c3 Nf6 5. Bd3 d5 6. e5 Ng4 7. Bd2 Nc6 8. Ne2
Qb6 9. Qb3 c4 10. Qxb6 axb6 11. Bc2 Nh6 12. Ng3 Nf5 13. Nxf5 Bxf5 14. Bxf5 gxf5
15. Na3 Kd7 16. O-O f6 17. f4 e6 18. Rf3 Bf8 19. Rg3 fxe5 20. fxe5 Bxa3 21.
bxa3 Rhg8 22. Rxg8 Rxg8 23. Rf1 Ra8 24. Bc1 Ke7 25. Rf3 Kf7 26. Rh3 Kg7 27. g4
fxg4 28. Rh4 Ra5 29. Rxg4+ Kf7 30. Rf4+ Ke8 31. Kf2 Rb5 32. Ke2 Rb1 33. Kd1 Ra1
34. Rf2 Ne7 35. Kc2 Rxa2+ 36. Bb2 Nf5 37. Kb1 Rxb2+ 38. Kxb2 Kf7 39. Kc1 Kg6
40. Rb2 Ne3 41. Rxb6 Kf5 42. Rxb7 h5 43. a4 Ng4 44. Rb2 1-0

[Event "II Open Santa Cecilia A"]
[Site "Frascati ITA"]
[Date "2009.11.22"]
[Round "4"]
[White "Bernardinetti, Luca"]
[Black "Parisi, Cosimo"]
[Result "1/2-1/2"]
[WhiteElo "1692"]
[BlackElo "1873"]
[PlyCount "57"]
[EventDate "2009.11.20"]

1. e4 d5 2. exd5 Qxd5 3. Nc3 Qa5 4. d4 c6 5. Nf3 Nf6 6. Bd3 Bg4 7. O-O e6 8. h3
Bh5 9. Ne4 Nbd7 10. Re1 Bxf3 11. gxf3 Qh5 12. Bf1 Nxe4 13. fxe4 Qxd1 14. Rxd1
O-O-O 15. Bf4 Nf6 16. Bg2 Be7 17. a3 h6 18. c4 g5 19. Bg3 Nh5 20. d5 Nxg3 21.
fxg3 Bd6 22. Kf2 Be5 23. Rd2 c5 24. Rb1 Bd4+ 25. Ke2 e5 26. Rf1 Rdf8 27. Rf6 h5
28. b3 h4 29. g4 1/2-1/2

[Event "II Open Santa Cecilia A"]
[Site "Frascati ITA"]
[Date "2009.11.22"]
[Round "4"]
[White "Biondi, Massimo"]
[Black "Franciosi, Claudio"]
[Result "1-0"]
[WhiteElo "1879"]
[BlackElo "1650"]
[PlyCount "65"]
[EventDate "2009.11.20"]

1. e4 e5 2. Nf3 Nc6 3. Bb5 a6 4. Ba4 Nf6 5. O-O b5 6. Bb3 Be7 7. Re1 O-O 8. h3
d6 9. c3 Na5 10. Bc2 c5 11. d4 Nc6 12. Nbd2 cxd4 13. cxd4 Nxd4 14. Nxd4 exd4
15. Nf3 Bb7 16. Qxd4 Rc8 17. Bd3 Nd7 18. a4 Bf6 19. Qxd6 Rc6 20. Qf4 Nc5 21.
Bc2 bxa4 22. e5 Be7 23. Nd4 Rg6 24. Bxg6 fxg6 25. Qe3 Bh4 26. Rf1 Qd5 27. Nf3
Bd8 28. b4 Nd7 29. Bb2 Bb6 30. Qe2 Rf5 31. e6 Ne5 32. Bxe5 Rxe5 33. Qxe5 1-0

[Event "II Open Santa Cecilia A"]
[Site "Frascati ITA"]
[Date "2009.11.22"]
[Round "4"]
[White "Blonna, Michele"]
[Black "Laketic, Gojko"]
[Result "0-1"]
[WhiteElo "2024"]
[BlackElo "2468"]
[PlyCount "58"]
[EventDate "2009.11.20"]

1. e4 Nf6 2. e5 Nd5 3. d4 d6 4. Bc4 c6 5. Qf3 e6 6. c3 dxe5 7. dxe5 Qh4 8. g4
h5 9. Be2 hxg4 10. Qxg4 Qxg4 11. Bxg4 Nd7 12. Nf3 b6 13. a3 Bb7 14. c4 Ne7 15.
Bf4 Nc5 16. O-O Nd3 17. Bg3 Nxb2 18. Nbd2 Ng6 19. a4 c5 20. Ra3 O-O-O 21. a5
Nd3 22. axb6 axb6 23. Rb1 Nb4 24. Kf1 Be7 25. Ke2 Rd7 26. Rb2 Kc7 27. Ne1 Bg5
28. Ndf3 Bc1 29. Rxb4 cxb4 0-1

[Event "II Open Santa Cecilia A"]
[Site "Frascati ITA"]
[Date "2009.11.22"]
[Round "4"]
[White "Di Giorgio, Daniele"]
[Black "Carnicelli, Valerio"]
[Result "0-1"]
[WhiteElo "1687"]
[BlackElo "1756"]
[PlyCount "38"]
[EventDate "2009.11.20"]

1. e4 e5 2. f4 Bc5 3. Nf3 d6 4. c3 Nf6 5. d4 exd4 6. e5 dxe5 7. fxe5 Nd5 8.
cxd4 Bb6 9. Nc3 Be6 10. Be2 O-O 11. Bg5 Qd7 12. Qd2 a6 13. h4 c5 14. Ne4 Qc6
15. Rc1 Nd7 16. dxc5 Bc7 17. Nd4 Qa4 18. Nxe6 fxe6 19. b3 Qxe4 0-1

[Event "II Open Santa Cecilia A"]
[Site "Frascati ITA"]
[Date "2009.11.22"]
[Round "4"]
[White "Martorelli, Antonio"]
[Black "Franciosi, Fausto"]
[Result "1-0"]
[WhiteElo "2224"]
[BlackElo "1993"]
[PlyCount "81"]
[EventDate "2009.11.20"]

1. e4 d6 2. d4 Nf6 3. Nc3 e5 4. Nge2 Nbd7 5. f3 c6 6. Be3 Qa5 7. g4 b5 8. Ng3
Nb6 9. dxe5 dxe5 10. g5 Nfd7 11. Nf5 Na4 12. Nd6+ Bxd6 13. Qxd6 Nxb2 14. Bd2 b4
15. Nd1 Nxd1 16. Bxb4 Qd8 17. Rxd1 Qxg5 18. Qxc6 Rb8 19. Bd6 Bb7 20. Qb5 Qe3+
21. Be2 Qc3+ 22. Kf2 Bc6 23. Qa6 Ra8 24. Rd3 Qxc2 25. Ba3 Qa4 26. Rd6 Qxa6 27.
Bxa6 Ba4 28. Rd5 f6 29. Ra5 Nb6 30. Rxa4 Nxa4 31. Bb5+ Kf7 32. Bxa4 Rhd8 33.
Bb3+ Ke8 34. Rg1 g5 35. h4 h6 36. hxg5 hxg5 37. Rh1 Rd2+ 38. Kg3 Kd7 39. Bb4
Rb2 40. Rh7+ Kc6 41. Bd5+ 1-0

[Event "II Open Santa Cecilia A"]
[Site "Frascati ITA"]
[Date "2009.11.22"]
[Round "4"]
[White "Napoli, Nicolo'"]
[Black "Tersigni, Andrea"]
[Result "1-0"]
[WhiteElo "2389"]
[BlackElo "2153"]
[PlyCount "45"]
[EventDate "2009.11.20"]

1. d4 d5 2. Bg5 c6 3. Nc3 Bf5 4. f3 Qa5 5. Qd2 e6 6. e4 Bg6 7. Bd3 Be7 8. Be3
Nf6 9. Nge2 Na6 10. Nf4 Nc7 11. O-O b5 12. Ncxd5 Qxd2 13. Nxc7+ Kd7 14. Bxd2
Kxc7 15. Nxg6 hxg6 16. Bf4+ Kb7 17. a4 a6 18. c4 Rad8 19. cxb5 cxb5 20. axb5
axb5 21. Bxb5 Rxd4 22. Ba6+ Kc6 23. Rfc1+ 1-0

[Event "II Open Santa Cecilia A"]
[Site "Frascati ITA"]
[Date "2009.11.22"]
[Round "4"]
[White "Palermo, Stefano"]
[Black "Vuelban, Virgilio"]
[Result "1/2-1/2"]
[WhiteElo "2048"]
[BlackElo "2356"]
[PlyCount "120"]
[EventDate "2009.11.20"]

1. e4 e6 2. d4 d5 3. exd5 exd5 4. Bd3 Nc6 5. c3 Bd6 6. Ne2 Nge7 7. Bf4 Bg4 8.
f3 Bxf4 9. Nxf4 Qd6 10. Qd2 Bf5 11. Na3 O-O-O 12. O-O-O Rhe8 13. g3 g5 14.
Bxf5+ Nxf5 15. Nd3 Qf6 16. Rhe1 Nd6 17. Qf2 Qf5 18. Ne5 Nxe5 19. dxe5 Rxe5 20.
Rxe5 Qxe5 21. Re1 Qf6 22. Qxa7 Qxf3 23. Re7 Qf1+ 24. Kc2 Qa6 25. Qxa6 bxa6 26.
Re5 Ne4 27. c4 c6 28. cxd5 cxd5 29. Nc4 Kc7 30. Ne3 Kc6 31. Nxd5 Rxd5 32. Rxe4
Rf5 33. Re2 Kd5 34. Kc3 a5 35. Kd3 Rf1 36. Re8 Ra1 37. a3 Rd1+ 38. Kc3 Rc1+ 39.
Kb3 f5 40. Ra8 Rc5 41. Rg8 h6 42. Rg6 f4 43. gxf4 gxf4 44. Rxh6 f3 45. Rg6 Ke4
46. Rg1 f2 47. Rf1 Ke3 48. Ka4 Ke2 49. Rb1 Rf5 50. h4 f1=Q 51. Rxf1 Kxf1 52. b4
axb4 53. Kxb4 Ke2 54. a4 Kd3 55. a5 Kd4 56. a6 Rf1 57. Kb5 Kd5 58. a7 Rb1+ 59.
Ka6 Ra1+ 60. Kb7 Rb1+ 1/2-1/2

[Event "II Open Santa Cecilia A"]
[Site "Frascati ITA"]
[Date "2009.11.22"]
[Round "4"]
[White "Passerotti, Pierluigi"]
[Black "Maggi, Fabrizio"]
[Result "0-1"]
[WhiteElo "2266"]
[BlackElo "2126"]
[PlyCount "86"]
[EventDate "2009.11.20"]

1. d4 f5 2. h3 Nf6 3. Bf4 c5 4. e3 d6 5. Nc3 Qa5 6. Nf3 Nc6 7. d5 Nb4 8. Bb5+
Kd8 9. O-O h6 10. Be2 g5 11. Bh2 Bg7 12. a3 Na6 13. Nd2 Bd7 14. f4 b5 15. e4
fxe4 16. fxg5 hxg5 17. Ndxe4 g4 18. Nxf6 Bxf6 19. Rxf6 exf6 20. Ne4 gxh3 21.
Nxd6 Qb6 22. c4 Rg8 23. Bf3 Nc7 24. Qe2 Ne8 25. Nf7+ Kc8 26. Rc1 b4 27. Bf4 a5
28. g3 Rb8 29. Qe7 Rb7 30. Re1 Bf5 31. Nd6+ Nxd6 32. Qxd6 Qxd6 33. Bxd6 bxa3
34. bxa3 Rb3 35. Kf2 Rb2+ 36. Kg1 Kd7 37. Bf4 Re8 38. Rc1 a4 39. Bh5 Rh8 40. g4
Be4 41. Re1 f5 42. Rxe4 fxe4 43. Bg6 h2+ 0-1

[Event "II Open Santa Cecilia A"]
[Site "Frascati ITA"]
[Date "2009.11.22"]
[Round "4"]
[White "Rampini, Carlo"]
[Black "Pitrelli, Antonio"]
[Result "0-1"]
[WhiteElo "1779"]
[BlackElo "1890"]
[PlyCount "129"]
[EventDate "2009.11.20"]

1. e4 e6 2. d3 d5 3. Nd2 Nf6 4. Ngf3 Be7 5. g3 c5 6. Bg2 O-O 7. O-O Nc6 8. Re1
b5 9. e5 Nd7 10. h4 a5 11. Nf1 b4 12. h5 Ba6 13. N1h2 c4 14. d4 a4 15. c3 a3
16. Rb1 axb2 17. Bxb2 Qa5 18. Qc2 Qxa2 19. Ra1 Qb3 20. Qxb3 cxb3 21. Nd2 bxc3
22. Bxc3 Bb4 23. Re3 Bxc3 24. Rxc3 Nxd4 25. Rc7 Nxe5 26. f4 Nd3 27. Bf1 Nb4 28.
Bxa6 Nxa6 29. Rb7 Nc5 30. Rxa8 Rxa8 31. Rb4 Nc2 32. Rb5 Rc8 33. Nxb3 Nxb3 34.
Rxb3 g6 35. h6 Nd4 36. Rb7 Ne2+ 37. Kf2 Nc3 38. Ng4 Ne4+ 39. Kg2 Rd8 40. Ne5
Nd6 41. Ra7 d4 42. Kf3 d3 43. Ke3 Nf5+ 44. Kd2 Nxh6 45. Nxd3 Nf5 46. g4 Nd6 47.
g5 Kg7 48. Ke2 h6 49. Ne5 hxg5 50. fxg5 Kf8 51. Kf3 Kg8 52. Kf4 Nc4 53. Rd7
Rxd7 54. Nxd7 Kg7 55. Nf6 Nd6 56. Ke5 Nf5 57. Ne8+ Kf8 58. Nf6 Ng7 59. Kd6 Ne8+
60. Ke5 Nxf6 61. gxf6 Ke8 62. Kd6 g5 63. Ke5 Kd7 64. Ke4 Kd6 65. Kd4 0-1

[Event "II Open Santa Cecilia A"]
[Site "Frascati ITA"]
[Date "2009.11.22"]
[Round "5"]
[White "Carnicelli, Valerio"]
[Black "Bernardinetti, Luca"]
[Result "1-0"]
[WhiteElo "1756"]
[BlackElo "1692"]
[PlyCount "93"]
[EventDate "2009.11.20"]

1. e4 e5 2. Nf3 Nc6 3. Bc4 Nf6 4. Ng5 d5 5. exd5 Na5 6. Bb5+ c6 7. dxc6 bxc6 8.
Be2 h6 9. Nf3 e4 10. Ne5 Qd4 11. f4 Bc5 12. Rf1 Qd8 13. c3 Bb6 14. b4 Nb7 15.
Nxc6 Qd6 16. Ne5 O-O 17. Bb2 Qd8 18. Na3 Nd7 19. Qc2 Nxe5 20. fxe5 Qh4+ 21. g3
Qxh2 22. Qxe4 Qxg3+ 23. Kd1 Qg5 24. Nc4 Rb8 25. Nxb6 axb6 26. Qf4 Qxf4 27. Rxf4
Re8 28. d4 Be6 29. Bf3 Bd7 30. Bxb7 Rxb7 31. Kd2 Be6 32. a3 b5 33. a4 bxa4 34.
Rxa4 Kh7 35. Ra1 h5 36. Kd3 Rc7 37. Ra5 Rd7 38. c4 Red8 39. d5 Bxd5 40. cxd5
Rxd5+ 41. Rxd5 Rxd5+ 42. Bd4 Kg6 43. Kc4 Rd8 44. b5 Kg5 45. Rxf7 g6 46. b6 h4
47. e6 1-0

[Event "II Open Santa Cecilia A"]
[Site "Frascati ITA"]
[Date "2009.11.22"]
[Round "5"]
[White "Franciosi, Claudio"]
[Black "Iacoacci, Giancarlo"]
[Result "1-0"]
[WhiteElo "1650"]
[BlackElo "1847"]
[PlyCount "74"]
[EventDate "2009.11.20"]

1. e4 c6 2. d4 d5 3. exd5 cxd5 4. c4 Nf6 5. Nc3 e6 6. Nf3 a6 7. Bd3 Bd6 8. O-O
O-O 9. Qc2 h6 10. c5 Bc7 11. Ne2 Nc6 12. Bf4 Nb4 13. Qd2 Nxd3 14. Qxd3 Bd7 15.
a4 b5 16. Bxc7 Qxc7 17. a5 Bc6 18. b4 Nd7 19. Rae1 Rae8 20. Ng3 e5 21. dxe5
Nxe5 22. Nxe5 Rxe5 23. Qd4 Rfe8 24. Re3 Rxe3 25. fxe3 Qe5 26. Nf5 Bd7 27. Nd6
Qxe3+ 28. Qxe3 Rxe3 29. Rxf7 Be6 30. Rf4 Rd3 31. Ne8 g6 32. Rf6 Bf5 33. Rxa6
Rb3 34. Nd6 Rxb4 35. Nxf5 gxf5 36. Rd6 d4 37. a6 d3 1-0

[Event "II Open Santa Cecilia A"]
[Site "Frascati ITA"]
[Date "2009.11.22"]
[Round "5"]
[White "Franciosi, Fausto"]
[Black "Passerotti, Pierluigi"]
[Result "0-1"]
[WhiteElo "1993"]
[BlackElo "2266"]
[PlyCount "50"]
[EventDate "2009.11.20"]

1. d4 f5 2. Bg5 g6 3. h4 Bg7 4. e3 d6 5. Nc3 h6 6. Bf4 e5 7. dxe5 dxe5 8. Qxd8+
Kxd8 9. Bg3 Be6 10. O-O-O+ Nd7 11. f3 c6 12. e4 f4 13. Bf2 Kc7 14. g3 fxg3 15.
Bxg3 Rf8 16. Be2 Ngf6 17. Nh3 Nh5 18. Rdg1 Rhg8 19. Be1 Bxh3 20. Rxh3 Nf4 21.
Rh2 Bf6 22. Bd2 Be7 23. Bd1 Bc5 24. Rf1 Nf6 25. Ne2 N4h5 0-1

[Event "II Open Santa Cecilia A"]
[Site "Frascati ITA"]
[Date "2009.11.22"]
[Round "5"]
[White "Maggi, Fabrizio"]
[Black "Palermo, Stefano"]
[Result "0-1"]
[WhiteElo "2126"]
[BlackElo "2048"]
[PlyCount "64"]
[EventDate "2009.11.20"]

1. c4 e5 2. Nc3 Nf6 3. Nf3 Nc6 4. e3 d5 5. cxd5 Nxd5 6. Bb5 Nxc3 7. bxc3 Bd6 8.
d4 Bd7 9. Bb2 O-O 10. O-O e4 11. Nd2 Re8 12. f3 Qg5 13. Bxc6 Qxe3+ 14. Kh1 Bxc6
15. Nc4 Qf4 16. Nxd6 exf3 17. gxf3 cxd6 18. c4 d5 19. Rg1 Re3 20. Rg3 Rae8 21.
Qg1 g6 22. Bc1 dxc4 23. Bxe3 Bxf3+ 24. Rxf3 Qxf3+ 25. Qg2 Rxe3 26. Qxf3 Rxf3
27. Rc1 b5 28. a4 a6 29. axb5 axb5 30. Rb1 Rb3 31. Rd1 Rd3 32. Rb1 c3 0-1

[Event "II Open Santa Cecilia A"]
[Site "Frascati ITA"]
[Date "2009.11.22"]
[Round "5"]
[White "Pitrelli, Antonio"]
[Black "Biondi, Massimo"]
[Result "0-1"]
[WhiteElo "1890"]
[BlackElo "1879"]
[PlyCount "56"]
[EventDate "2009.11.20"]

1. d4 Nf6 2. c4 e6 3. g3 c5 4. d5 exd5 5. cxd5 d6 6. Nc3 a6 7. a4 g6 8. Nf3 Bg7
9. Bg2 O-O 10. O-O Re8 11. Re1 Qc7 12. e4 Nbd7 13. Bf4 Nh5 14. Bg5 Rb8 15. Qc2
b5 16. axb5 axb5 17. Bf1 c4 18. Be3 Ne5 19. Nxe5 Bxe5 20. Ra7 Qd8 21. f4 Bg7
22. Na2 Nf6 23. Nb4 Rb7 24. Nc6 Qc7 25. Bg2 Nxd5 26. exd5 Rxa7 27. Nxa7 Rxe3
28. Ra1 Bd4 0-1

[Event "II Open Santa Cecilia A"]
[Site "Frascati ITA"]
[Date "2009.11.22"]
[Round "5"]
[White "Simeone, Giulio"]
[Black "Rampini, Carlo"]
[Result "1-0"]
[WhiteElo "1960"]
[BlackElo "1779"]
[PlyCount "104"]
[EventDate "2009.11.20"]

1. c4 Nf6 2. Nc3 g6 3. e4 d6 4. d4 Bg7 5. Be3 O-O 6. f3 Nbd7 7. Qd2 Re8 8. Bd3
e5 9. Nge2 exd4 10. Nxd4 Ne5 11. Be2 a6 12. O-O Nfd7 13. f4 Nc6 14. Nxc6 bxc6
15. Bf3 Nb6 16. b3 Bb7 17. Bd4 Bh6 18. Rad1 c5 19. Be3 Bg7 20. e5 Bxf3 21. Rxf3
dxe5 22. Qf2 Qc8 23. fxe5 Qe6 24. Bxc5 Bxe5 25. Ne4 Qg4 26. Re1 f5 27. Nc3 Nd7
28. Nd5 Kf7 29. h3 Qg5 30. Be3 Qd8 31. Rd1 Qc8 32. g4 c6 33. Nb4 Bf6 34. gxf5 g5
35. Nc2 h5 36. Nd4 Ne5 37. Rg3 g4 38. Qf4 Bh4 39. Ne6 Bxg3 40. Qxg3 Nf3+ 41. Kf2
Rg8 42. h4 Qb7 43. Nc5 Qb8 44. Rd7+ Ke8 45. f6 Ne5 46. Re7+ Kd8 47. Rxe5 Re8 48.
Rxe8+ Kxe8 49. Bf4 Qc8 50. Qe3+ Kf7 51. Qe7+ Kg6 52. Qg7+ Kf5 1-0

[Event "II Open Santa Cecilia A"]
[Site "Frascati ITA"]
[Date "2009.11.22"]
[Round "5"]
[White "Tersigni, Andrea"]
[Black "Battistelli, Alessandro"]
[Result "1-0"]
[WhiteElo "2153"]
[BlackElo "1900"]
[PlyCount "87"]
[EventDate "2009.11.20"]

1. f4 d5 2. Nf3 Nf6 3. e3 e6 4. b3 c5 5. Bb2 Nc6 6. d3 Bd7 7. g3 Be7 8. Bh3 Qb6
9. Qe2 c4 10. Kf2 cxd3 11. cxd3 Rc8 12. Rc1 O-O 13. Nbd2 Nb4 14. a3 Na6 15. b4
Rc7 16. Bd4 Qb5 17. a4 Qxb4 18. Rcb1 Qa5 19. Nb3 Qb4 20. Nc5 Bxc5 21. Rxb4 Bxb4
22. Ne5 Rfc8 23. Ra2 Bxa4 24. Kg1 Rc1+ 25. Bf1 Bd1 26. Qg2 Bc3 27. Bxa7 Nb4 28.
Rf2 Ra8 29. Bd4 Bxd4 30. exd4 Raa1 31. h3 Nc2 32. Nc4 b5 33. Nd2 Ne3 34. Qh1 b4
35. g4 b3 36. g5 Nh5 37. f5 Ng3 38. Qh2 Nexf1 39. Rxf1 Ne2+ 40. Kf2 Rc8 41.
Nxb3 Nxd4 42. Rxd1 Nxb3 43. Rxa1 Nxa1 44. Qe5 1-0

[Event "IV Weekend Hotel Corallo A"]
[Site "Imperia ITA"]
[Date "2009.11.20"]
[Round "1"]
[White "Biancotti, Alessandro"]
[Black "Moschetto, Giuliano"]
[Result "1-0"]
[WhiteElo "1912"]
[BlackElo "1695"]
[PlyCount "59"]
[EventDate "2009.11.20"]

1. e4 c5 2. Nf3 b6 3. Bc4 Bb7 4. Nc3 e6 5. d4 cxd4 6. Nxd4 Bb4 7. Bd3 Ne7 8.
O-O O-O 9. Bg5 Bxc3 10. bxc3 Nbc6 11. Nxc6 dxc6 12. Qg4 Qc7 13. h4 f5 14. exf5
exf5 15. Qe2 Nd5 16. Qe6+ Qf7 17. Qxf7+ Rxf7 18. c4 Nb4 19. Rfe1 c5 20. Re2 h6
21. Bf4 Nxd3 22. cxd3 g5 23. hxg5 hxg5 24. Bxg5 Rd8 25. Bxd8 Rd7 26. Re7 Rxd8
27. Rxb7 Rxd3 28. Re1 Kf8 29. Rxa7 Rd4 30. Rb1 1-0

[Event "IV Weekend Hotel Corallo A"]
[Site "Imperia ITA"]
[Date "2009.11.20"]
[Round "1"]
[White "Faraci, Antonino"]
[Black "Restifo, Katiuscia"]
[Result "1-0"]
[WhiteElo "1996"]
[BlackElo "1778"]
[PlyCount "56"]
[EventDate "2009.11.20"]

1. e4 d5 2. Nc3 c6 3. d4 e6 4. Nf3 Nd7 5. Bd3 b6 6. O-O dxe4 7. Nxe4 Ngf6 8.
Neg5 h6 9. Nxe6 fxe6 10. Bg6+ Ke7 11. b3 Qc7 12. Re1 Qd6 13. g3 Kd8 14. Qe2 Nd5
15. c4 Nc7 16. Bf4 Qe7 17. Rad1 Bb7 18. Qc2 Qf6 19. Ne5 Kc8 20. Nf7 Rg8 21. d5
Bc5 22. Nd6+ Bxd6 23. Bxd6 e5 24. Ba3 c5 25. Bb2 Na6 26. f4 Nb4 27. Qe4 Rf8 28.
Re2 Qd8 1-0

[Event "IV Weekend Hotel Corallo A"]
[Site "Imperia ITA"]
[Date "2009.11.20"]
[Round "1"]
[White "Formento, Paolo"]
[Black "Pesce, Gabriele"]
[Result "0-1"]
[WhiteElo "1779"]
[BlackElo "2143"]
[PlyCount "120"]
[EventDate "2009.11.20"]

1. e4 c5 2. d4 cxd4 3. c3 d3 4. Bxd3 Nc6 5. Nf3 d6 6. O-O g6 7. Be3 Bg7 8. Bc2
Nf6 9. Nbd2 O-O 10. Nb3 Bd7 11. Qd2 Ng4 12. Bd4 Bh6 13. Qe2 e5 14. Be3 Nxe3 15.
fxe3 Be6 16. Rad1 a5 17. Rfe1 Qb6 18. Rxd6 a4 19. Nc1 Qxb2 20. Rxe6 fxe6 21.
Bb3 Qxe2 22. Bxe6+ Kh8 23. Rxe2 Rad8 24. Bd5 Ne7 25. c4 b5 26. Nd3 Nxd5 27.
cxd5 Rc8 28. Ndxe5 Rc1+ 29. Kf2 Bg7 30. Nc6 Rd1 31. Rc2 Rb1 32. d6 b4 33. e5 b3
34. axb3 axb3 35. Rc4 b2 36. Rb4 Kg8 37. d7 Rd1 38. d8=Q Rfxd8 39. Nxd8 b1=Q
40. Rxb1 Rxb1 41. Nc6 Rb2+ 42. Kg3 Bh6 43. Ne7+ Kf7 44. Nd5 Ke6 45. Nf4+ Kf5
46. Nd4+ Ke4 47. Nde6 Rb5 48. Ne2 Rxe5 49. N6f4 Kxe3 50. h4 Rf5 51. Ne6 Kxe2
52. Nd4+ Ke3 53. Nxf5+ gxf5 54. Kh3 Kf4 55. h5 Kg5 56. Kg3 Kxh5 57. Kf3 Kh4 58.
g3+ Kh3 59. Kf2 Kg4 60. Kg2 Bg7 0-1

[Event "IV Weekend Hotel Corallo A"]
[Site "Imperia ITA"]
[Date "2009.11.20"]
[Round "1"]
[White "Giacometto, Mario"]
[Black "Tagliano, Maurizio"]
[Result "1/2-1/2"]
[WhiteElo "1954"]
[BlackElo "1739"]
[PlyCount "27"]
[EventDate "2009.11.20"]

1. e4 e6 2. d4 d5 3. e5 c5 4. c3 Nc6 5. Nf3 Qb6 6. a3 a5 7. Bd3 c4 8. Bc2 Bd7
9. Ng5 Nh6 10. Nxh7 O-O-O 11. Nxf8 Rdxf8 12. O-O f6 13. f4 fxe5 14. fxe5
1/2-1/2

[Event "IV Weekend Hotel Corallo A"]
[Site "Imperia ITA"]
[Date "2009.11.20"]
[Round "1"]
[White "Lanteri, Nicolas"]
[Black "Lo Dico, Angela"]
[Result "1-0"]
[WhiteElo "1939"]
[BlackElo "1703"]
[PlyCount "131"]
[EventDate "2009.11.20"]

1. e4 d6 2. f4 e6 3. Nf3 Nd7 4. Bc4 Be7 5. d4 Ngf6 6. Nc3 h6 7. Bd2 O-O 8. e5
dxe5 9. fxe5 Nh7 10. Ne4 Nb6 11. Bd3 Bd7 12. c3 Bc6 13. Qc2 f5 14. exf6 Nxf6
15. O-O-O Nxe4 16. Bxe4 Ba4 17. b3 Ba3+ 18. Kb1 Bc6 19. Bh7+ Kh8 20. Ne5 Be8
21. Rdf1 Rf6 22. h4 a5 23. h5 Nd7 24. Nc4 Be7 25. Bg6 b5 26. Ne3 Bxg6 27. hxg6
Rxf1+ 28. Rxf1 Nf6 29. g4 Nd5 30. Qe4 Nxe3 31. Bxe3 Qd5 32. Qxd5 exd5 33. Bf4
Rf8 34. Re1 Bd8 35. Re5 Kg8 36. Bg3 c6 37. Re6 Rf6 38. Re8+ Rf8 39. Rxf8+ Kxf8
40. a4 Ke8 41. Be5 Kf8 42. Kc2 b4 43. cxb4 axb4 44. Kd3 Bb6 45. Bd6+ Ke8 46.
Bxb4 Kd7 47. Bf8 Ke6 48. Bxg7 Ba5 49. Bxh6 Kf6 50. Bf8 Kxg6 51. b4 Bc7 52. a5
Kg5 53. a6 Bb8 54. Bc5 Kxg4 55. a7 Bxa7 56. Bxa7 Kf5 57. Ke3 Ke6 58. Kf4 Kf6
59. Bb8 Ke6 60. Be5 Kd7 61. Kf5 Ke7 62. Bb8 Kf7 63. Ke5 Ke7 64. Bd6+ Kd7 65.
Bc5 Kc7 66. Ke6 1-0

[Event "IV Weekend Hotel Corallo A"]
[Site "Imperia ITA"]
[Date "2009.11.20"]
[Round "1"]
[White "Ljubisavljevic, Zivojin Z."]
[Black "Coqueraut, Jean Dominique"]
[Result "1-0"]
[WhiteElo "2287"]
[BlackElo "1820"]
[PlyCount "89"]
[EventDate "2009.11.20"]

1. e4 d5 2. e5 c5 3. f4 Bf5 4. Nf3 Nc6 5. Bb5 e6 6. Bxc6+ bxc6 7. O-O c4 8. b3
cxb3 9. axb3 Bc5+ 10. d4 Bb6 11. Ba3 Ne7 12. Nc3 O-O 13. Na4 Qd7 14. c3 Rfc8
15. Bc5 Bd8 16. b4 Ng6 17. Qd2 Be4 18. Bd6 Bxf3 19. Rxf3 Nh4 20. Rf2 Qe8 21.
Nc5 Bb6 22. g4 Bxc5 23. Bxc5 a6 24. Qd3 Rcb8 25. f5 g5 26. fxg6 Nxg6 27. Qe3
Rb5 28. Raf1 Rb7 29. Qh6 a5 30. Rf3 Kh8 31. h4 Qg8 32. h5 Nf8 33. Qf6+ Qg7 34.
bxa5 Qxf6 35. Rxf6 Nd7 36. Rxf7 Nxc5 37. dxc5 Rxf7 38. Rxf7 Rxa5 39. h6 Kg8 40.
Rg7+ Kf8 41. Rxh7 Rxc5 42. Rc7 Kg8 43. g5 Rxc3 44. Kg2 Re3 45. g6 1-0